Úvod do fyzikální chemie /

Hlavní autor: Brdička, Rudolf, 1906-1970
Další autoři: Schütz, Alexander, 1933-, Kalousek, Mirko, 1915-1996
Jazyk: Čeština
Vydáno: Praha : SNTL, 1963
Vydání: 1. vyd.
Externí odkaz: Digitalizovaný dokument
Fyzický popis: 314 s. : il. ; 25 cm
Knihy
Uloženo v:
LEADER 01392nam a22003132a 4500
001 000754640
003 CZ BrMZK
005 20130903115142.0
007 ta
008 041209s1963 xr a er 001 0 cze d
015 |a cnb000518881 
035 |a (OCoLC)85341610 
040 |a ABA001  |b cze  |c ABA001  |d ABA001  |d BOA001 
100 1 |a Brdička, Rudolf,  |d 1906-1970  |7 jk01013055  |4 aut 
245 1 0 |a Úvod do fyzikální chemie /  |c Rudolf Brdička, Mirko Kalousek, Alexandr Schutz 
250 |a 1. vyd. 
260 |a Praha :  |b SNTL,  |c 1963 
300 |a 314 s. :  |b il. ;  |c 25 cm 
700 1 |a Schütz, Alexander,  |d 1933-  |7 jk01111190  |4 aut 
700 1 |a Kalousek, Mirko,  |d 1915-1996  |7 jk01052732  |4 aut 
856 4 1 |u http://www.digitalniknihovna.cz/mzk/uuid/uuid:222262a0-15f0-11e3-8f8a-005056827e52  |y Digitalizovaný dokument  |x NDK 
910 |a BOA001  |b TK-0112.981  |b PK-0034.079  |b 2-0502.614 
920 |a 000126990 
920 |a 000257868 
990 |a BK 
996 7 |b 2619812707  |c 2-0502.614  |l Sklad H1  |r Sklad / do 24 hodin  |n 15  |h HS212  |w 000754640  |u 000070  |a 1  |e BOA001  |j MZK50  |s A 
996 7 |b 2619885837  |c 2-0502.614  |l Sklad H1  |r Sklad / do 24 hodin  |n 7  |h HS212  |w 000754640  |u 000060  |a 1  |e BOA001  |j MZK50  |s A 
996 6 |b 2619972869  |c 2-0502.614  |l Sklad H1  |r Sklad / do 24 hodin  |n 12  |h HS212  |w 000754640  |u 000050  |a 1  |e BOA001  |j MZK50  |s P 
996 7 |b 3119981783  |c PK-0034.079  |l MZK  |r Sklad / do 1 hodiny  |n 22  |w 000754640  |u 000040  |a 1  |e BOA001  |j MZK50  |s A